[Event "24th ch-EUR Indiv 2024"]
[Site "Petrovac MNE"]
[Date "2024.11.12"]
[Round "5.82"]
[White "Fromm, Marius"]
[Black "Kalavannan, Koby"]
[Result "1-0"]
[WhiteTitle "IM"]
[BlackTitle "FM"]
[WhiteElo "2452"]
[BlackElo "2225"]
[WhiteFideId "12993190"]
[BlackFideId "425753"]
[EventDate "2024.11.08"]

1. e4 c5 2. Nf3 g6 3. c3 d5 4. e5 a6 5. h3 Nc6 6. d4 Bg7 7. g3 Bf5 8. Bg2 cxd4
9. cxd4 Bxb1 10. Rxb1 Qa5+ 11. Bd2 Qb6 12. O-O e6 13. Bc3 Nge7 14. Re1 O-O 15.
h4 h5 16. Bh3 Rae8 17. Qd2 Nf5 18. Bxf5 exf5 19. a4 Qb3 20. Ra1 a5 21. Kg2 Qb6
22. Rab1 Qb3 23. Ra1 Qb6 24. Re2 Re7 25. Qd3 Rc8 26. Qb5 Qd8 27. Rae1 b6 28. Bd2
Na7 29. Qb3 Re6 30. Ng5 Rc4 31. Nxe6 fxe6 32. Be3 Nc6 33. Qd1 Nb4 34. Qb1 Kh7
35. Rc1 f4 36. b3 Rxc1 37. Bxc1 Bh6 38. Ba3 Qf8 39. Re1 f3+ 40. Kg1 Bd2 41. Rd1
Bh6 42. Bxb4 Qxb4 43. Rd3 Bg7 44. Qd1 b5 45. Rxf3 bxa4 46. bxa4 Kg8 47. Kg2 1-0

[Event "24th ch-EUR Indiv 2024"]
[Site "Petrovac MNE"]
[Date "2024.11.12"]
[Round "5.83"]
[White "Ivic, Velimir"]
[Black "Yonal, Timur"]
[Result "1-0"]
[WhiteTitle "GM"]
[BlackTitle "CM"]
[WhiteElo "2622"]
[BlackElo "2184"]
[WhiteFideId "950122"]
[BlackFideId "44115725"]
[EventDate "2024.11.08"]

1. d4 Nf6 2. c4 e6 3. Nc3 Bb4 4. e3 O-O 5. Bd3 d5 6. cxd5 exd5 7. Ne2 Re8 8. O-O
c6 9. Bd2 Nbd7 10. Qc2 Nf8 11. Rae1 Ne6 12. Ng3 b6 13. Nce2 Bxd2 14. Qxd2 Bb7
15. b4 Qd7 16. a4 a5 17. Rb1 axb4 18. Rxb4 Qc7 19. Rfb1 Nd7 20. Nc3 Ba6 21. Bxa6
Rxa6 22. Nge2 Qd6 23. h3 g6 24. R4b2 Nd8 25. Qd3 Ra7 26. Rc2 f5 27. Nf4 Ra8 28.
Rbc1 Nb7 29. Ncxd5 cxd5 30. Rc6 Qb8 31. Nxd5 Rd8 32. Rc7 Kh8 33. Qb5 Nf8 34.
Nxb6 Ra5 35. Qb2 Kg8 36. Qb3+ 1-0

[Event "24th ch-EUR Indiv 2024"]
[Site "Petrovac MNE"]
[Date "2024.11.12"]
[Round "5.84"]
[White "Damjanovic, Vuk"]
[Black "Ivanchuk, Vasyl"]
[Result "1/2-1/2"]
[WhiteTitle "IM"]
[BlackTitle "GM"]
[WhiteElo "2364"]
[BlackElo "2640"]
[WhiteFideId "980021"]
[BlackFideId "14100010"]
[EventDate "2024.11.08"]

1. e4 c5 2. Nf3 e6 3. g3 d5 4. exd5 exd5 5. Bg2 Qe7+ 6. Qe2 Qxe2+ 7. Kxe2 Nc6 8.
Re1 Bd6 9. Kf1+ Nge7 10. d3 f6 11. h4 Bf5 12. a3 O-O-O 13. Nc3 c4 14. dxc4 dxc4
15. Re2 Bc5 16. Na4 Rd1+ 17. Re1 Rxe1+ 18. Nxe1 Bd4 19. Bf4 Ng6 20. Bd2 Rd8 21.
Bc3 Nge5 22. Rd1 b5 23. Bxd4 bxa4 24. c3 Na5 25. Bf3 Nxf3 26. Nxf3 Be4 27. Ne1
Rd7 28. f3 Bg6 29. Rd2 Nb3 30. Rd1 Kb7 31. Kf2 Kc6 32. g4 h5 33. gxh5 Bxh5 34.
Ng2 Bg6 35. Nf4 Bc2 36. Rg1 Nxd4 1/2-1/2

[Event "24th ch-EUR Indiv 2024"]
[Site "Petrovac MNE"]
[Date "2024.11.12"]
[Round "5.85"]
[White "Keinanen, Toivo"]
[Black "Tudor, Henry Edward"]
[Result "1-0"]
[WhiteTitle "IM"]
[BlackTitle "FM"]
[WhiteElo "2541"]
[BlackElo "2365"]
[WhiteFideId "509825"]
[BlackFideId "2409836"]
[EventDate "2024.11.08"]

1. Nf3 Nf6 2. g3 d5 3. Bg2 e6 4. O-O Be7 5. d3 O-O 6. Nbd2 c5 7. e4 Nc6 8. Re1
b5 9. e5 Nd7 10. Nf1 a5 11. h4 a4 12. h5 a3 13. bxa3 c4 14. h6 g6 15. Rb1 Qa5
16. d4 Bxa3 17. Bxa3 Qxa3 18. Rxb5 Nb4 19. Qb1 Nxa2 20. Re3 c3 21. Rb3 Qa4 22.
Re1 Ba6 23. Ne3 Bc4 24. Nxc4 dxc4 25. Rb7 Rab8 26. d5 Nb4 27. Rxb8 Nxb8 28. dxe6
fxe6 29. Re4 Nd5 30. Qb7 Qd7 31. Qxd7 Nxd7 32. Rxc4 Re8 33. Bh3 Kf8 34. Rc6 Nb8
35. Rd6 Nb4 36. Nd4 Kf7 37. Bxe6+ Ke7 38. Bb3 Rd8 39. Re6+ Kf8 40. Rf6+ Ke8 41.
Re6+ Kf8 42. Rxg6 hxg6 43. Ne6+ Kg8 44. Nxd8+ Kh7 45. e6 N8c6 46. Nxc6 Nxc6 47.
Kf1 Kxh6 48. Ke2 Kg7 49. Kd3 Kf6 50. Kxc3 Ne5 51. Kd4 Nf3+ 52. Ke4 Ng5+ 53. Kd4
Nf3+ 54. Kd5 Ke7 55. Bc4 Ng5 56. Bd3 Nxe6 57. Bxg6 Nc7+ 58. Ke5 Na6 59. g4 Nc5
60. Bf5 1-0

[Event "24th ch-EUR Indiv 2024"]
[Site "Petrovac MNE"]
[Date "2024.11.12"]
[Round "5.86"]
[White "Sherman, Raem"]
[Black "Sebenik, Matej"]
[Result "1-0"]
[WhiteTitle "FM"]
[BlackTitle "GM"]
[WhiteElo "2340"]
[BlackElo "2524"]
[WhiteFideId "2822288"]
[BlackFideId "14602296"]
[EventDate "2024.11.08"]

1. e4 c5 2. Nf3 g6 3. d4 cxd4 4. Nxd4 Nc6 5. c4 Nf6 6. Nc3 d6 7. Be2 Nxd4 8.
Qxd4 Bg7 9. O-O O-O 10. Qd3 a6 11. h3 Bd7 12. Be3 b5 13. cxb5 axb5 14. Nxb5 Bxb5
15. Qxb5 Rb8 16. Qc4 Rxb2 17. Rab1 Rxb1 18. Rxb1 Qa8 19. Bd3 d5 20. exd5 Nxd5
21. Bd2 e6 22. Be4 Rc8 23. Qb3 h5 24. a4 Qa7 25. a5 Bd4 26. Qf3 Rc7 27. Rb3 Nf6
28. Bd3 Nd7 29. Bf1 Ne5 30. Qf4 Rc2 31. Be3 Bxe3 32. Rxe3 Nc6 33. Bd3 Rc1+ 34.
Kh2 e5 35. Qf6 Qc7 36. Bxg6 fxg6 37. Qxg6+ Qg7 38. Qe8+ Kh7 39. Rg3 Qf6 40.
Qxh5+ 1-0

[Event "24th ch-EUR Indiv 2024"]
[Site "Petrovac MNE"]
[Date "2024.11.12"]
[Round "5.87"]
[White "Rasulov, Vugar"]
[Black "Akhvlediani, Irakli"]
[Result "1-0"]
[WhiteTitle "GM"]
[BlackTitle "FM"]
[WhiteElo "2511"]
[BlackElo "2363"]
[WhiteFideId "13402390"]
[BlackFideId "13601938"]
[EventDate "2024.11.08"]

1. e4 c5 2. Nc3 Nc6 3. Nge2 e5 4. Nd5 g6 5. h4 h5 6. Nec3 d6 7. Nb5 Rb8 8. Nbc7+
Kd7 9. Qf3 Nh6 10. c3 Qxc7 11. Nxc7 Kxc7 12. Bc4 f5 13. d3 f4 14. Qe2 Be7 15. f3
Bd7 16. Bd2 Ng8 17. g3 g5 18. hxg5 fxg3 19. O-O-O h4 20. Rdg1 Nf6 21. gxf6 Bxf6
22. Be3 Rbe8 23. Qd2 Re7 24. Bg5 Bxg5 25. Qxg5 Reh7 26. Kd2 Rh5 27. Qe3 Kb8 28.
Bf7 R5h7 29. Bg6 Rg7 30. Rxg3 Ne7 31. Qg5 Nxg6 32. Qf6 Rhg8 33. Qxd6+ Kc8 34.
Rxh4 Nxh4 35. Rxg7 Nxf3+ 36. Ke3 Rxg7 37. Qxc5+ 1-0

[Event "24th ch-EUR Indiv 2024"]
[Site "Petrovac MNE"]
[Date "2024.11.12"]
[Round "5.88"]
[White "Filip, Lucian-Ioan"]
[Black "Sivuk, Vitaly"]
[Result "1/2-1/2"]
[WhiteTitle "IM"]
[BlackTitle "GM"]
[WhiteElo "2341"]
[BlackElo "2502"]
[WhiteFideId "1208900"]
[BlackFideId "14116502"]
[EventDate "2024.11.08"]

1. d4 g6 2. e4 Bg7 3. Nf3 d5 4. exd5 Qd7 5. d6 Qxd6 6. c4 Qd8 7. h3 c5 8. d5 Nh6
9. Nc3 Nf5 10. Bd3 O-O 11. O-O e5 12. dxe6 Bxe6 13. Bg5 Qa5 14. Nd5 Nc6 15. Bxf5
Bxf5 16. Bf6 Bxf6 17. Nxf6+ Kg7 18. Nd5 Rad8 19. Qb3 b6 20. Qe3 Be6 21. Rfd1
Bxd5 22. cxd5 Nb8 23. Ne5 Qb4 24. Ng4 Nd7 25. b3 Rfe8 26. Qh6+ Kg8 27. Rd3 Qe4
28. Rad1 Qe7 29. d6 Qf8 30. Qd2 Re6 31. Ne3 Nf6 32. f3 Rd7 33. a4 Qd8 34. Nc4
Ne8 35. Re1 Rxe1+ 36. Qxe1 a6 37. Nxb6 Rxd6 38. Rxd6 Nxd6 39. Nd5 Qg5 40. Ne3
Qe5 41. Qd2 h5 42. Kf2 Nf5 43. Nxf5 Qxf5 44. Qe2 1/2-1/2

[Event "24th ch-EUR Indiv 2024"]
[Site "Petrovac MNE"]
[Date "2024.11.12"]
[Round "5.89"]
[White "Fiedorek, Michal"]
[Black "Gines Esteo, Pedro Antonio"]
[Result "1-0"]
[WhiteTitle "FM"]
[BlackTitle "GM"]
[WhiteElo "2295"]
[BlackElo "2492"]
[WhiteFideId "1199528"]
[BlackFideId "32080190"]
[EventDate "2024.11.08"]

1. e4 c6 2. d4 d5 3. Nc3 dxe4 4. Nxe4 Bf5 5. Ng3 Bg6 6. h4 h6 7. Nf3 Nd7 8. h5
Bh7 9. Bd3 Bxd3 10. Qxd3 e6 11. Bd2 Ngf6 12. O-O-O Be7 13. Kb1 O-O 14. Ne4 Nxe4
15. Qxe4 Nf6 16. Qe2 Qd5 17. Be3 a5 18. Ne5 a4 19. f3 Qa5 20. a3 Qa6 21. Qd2 Nd5
22. Bxh6 gxh6 23. Qxh6 Qe2 24. Rde1 Qf2 25. Re4 f5 26. Qxe6+ Kh8 27. Ng6+ Kh7
28. Nxe7 Rf6 29. Qd7 Rf7 30. Qd6 Rf6 31. Re6 Qxg2 32. Rhe1 Qf2 33. Qe5 Ra5 34.
Nxd5 Rxe6 35. Qxe6 1-0

[Event "24th ch-EUR Indiv 2024"]
[Site "Petrovac MNE"]
[Date "2024.11.12"]
[Round "5.90"]
[White "Zwirs, Nico"]
[Black "Hovakimyan, Vache"]
[Result "0-1"]
[WhiteTitle "IM"]
[BlackTitle "FM"]
[WhiteElo "2480"]
[BlackElo "2319"]
[WhiteFideId "1036432"]
[BlackFideId "13317288"]
[EventDate "2024.11.08"]

1. d4 Nf6 2. Nf3 d5 3. e3 e6 4. b3 c5 5. Bd3 Nc6 6. O-O Qc7 7. Bb2 cxd4 8. exd4
Nb4 9. Bb5+ Bd7 10. Bxd7+ Nxd7 11. a3 Nc6 12. c4 Nf6 13. Nbd2 Be7 14. Qe2 dxc4
15. bxc4 O-O 16. Rfd1 Rfd8 17. Nf1 Qa5 18. Ne3 Qa6 19. Qe1 Na5 20. Ne5 Nd7 21.
Nxd7 Rxd7 22. Rac1 Bg5 23. Qc3 Rc8 24. c5 Rcd8 25. Rc2 Nc6 26. Rcd2 Bf6 27. Nc2
Qa4 28. g3 h5 29. Qf3 h4 30. gxh4 Ne5 31. Qc3 Nc4 32. Rd3 e5 33. Nb4 e4 34. Qb3
Nxb2 0-1

[Event "24th ch-EUR Indiv 2024"]
[Site "Petrovac MNE"]
[Date "2024.11.12"]
[Round "5.91"]
[White "Kucuksari, Kaan"]
[Black "Leszko, Bence"]
[Result "1-0"]
[WhiteTitle "IM"]
[BlackTitle "FM"]
[WhiteElo "2473"]
[BlackElo "2292"]
[WhiteFideId "6380166"]
[BlackFideId "769070"]
[EventDate "2024.11.08"]

1. d4 Nf6 2. c4 e6 3. g3 d5 4. Nf3 Be7 5. Bg2 O-O 6. Qc2 dxc4 7. Qxc4 a6 8. a4
b5 9. Qd3 b4 10. Ne5 Ra7 11. O-O Bb7 12. Bxb7 Rxb7 13. Nd2 c5 14. dxc5 Bxc5 15.
Nb3 Qxd3 16. Nxd3 Be7 17. Bd2 Ne4 18. Bf4 g5 19. Be3 Rc8 20. Rac1 Rbc7 21. f3
Nd6 22. Bc5 Nc6 23. Rc2 Nf5 24. Bb6 Rb7 25. a5 Na7 26. Rfc1 Rcb8 27. g4 Nh4 28.
Ndc5 Rxb6 29. axb6 Rxb6 30. Na4 1-0

[Event "24th ch-EUR Indiv 2024"]
[Site "Petrovac MNE"]
[Date "2024.11.12"]
[Round "5.92"]
[White "Perossa, Nicolas"]
[Black "Ilinca, Felix-Antonio"]
[Result "0-1"]
[WhiteTitle "FM"]
[BlackTitle "IM"]
[WhiteElo "2277"]
[BlackElo "2470"]
[WhiteFideId "2850520"]
[BlackFideId "54764998"]
[EventDate "2024.11.08"]

1. e4 c6 2. d4 d5 3. exd5 cxd5 4. Bd3 Nc6 5. c3 e6 6. Nf3 Bd6 7. O-O Nge7 8. Re1
O-O 9. Nbd2 f6 10. b4 a6 11. a3 b5 12. a4 Rb8 13. axb5 axb5 14. Qe2 e5 15. Bxb5
e4 16. Nh4 g5 17. Nxe4 dxe4 18. Bc4+ Kh8 19. Qxe4 Qc7 20. Nf3 Nxb4 21. Ba3 Qxc4
22. Bxb4 Bf5 23. Nd2 Qxb4 24. cxb4 Bxe4 25. Rxe4 Bxb4 26. Nf3 Ra8 27. Rb1 Nd5
28. Re6 Rfe8 29. Rc6 Rac8 30. Ra6 g4 31. Nh4 Nc3 32. Rf1 Ne2+ 33. Kh1 Rcd8 34.
Rxf6 Be7 35. Rh6 Nxd4 36. Rh5 Rg8 37. Nf5 Bf6 38. Nxd4 Bxd4 39. g3 Bb6 40. Kg2
Rgf8 41. Rg5 Rd4 42. h3 Rd2 43. hxg4 Bxf2 44. Rf5 Be3+ 45. Kh3 Rg8 46. Rf8 Rxf8
47. Rxf8+ Kg7 48. Rf1 h6 49. Re1 Bb6 50. Rb1 Bc7 51. Rb7 Rc2 52. Rb3 Kg6 53. Rd3
Be5 54. Rf3 Re2 55. Rd3 Kg5 56. Rf3 Bd4 57. Rf5+ Kg6 58. Rf1 Rd2 59. Re1 Rc2 60.
Re6+ Kg5 61. Re5+ Kf6 62. Rf5+ Ke6 63. Rf1 Re2 64. Rc1 Kd5 65. Rf1 Be3 66. Rf5+
Kd4 67. Rf1 Kd3 68. Rd1+ Ke4 69. Rd6 Ra2 70. Re6+ Kf3 71. Rf6+ Ke2 72. Re6 Kf2
73. Rd6 Re2 74. Rd1 Bc5 75. Rd5 Be7 76. Rb5 Re1 77. Rf5+ Kg1 78. Rb5 Rc1 79. Rd5
Rc2 80. Rd1+ Kf2 81. Rd5 Bg5 82. Rf5+ Ke2 83. Kg2 Be3 84. Rf1 Rc4 85. Ra1 Rxg4
86. Ra2+ Bd2 87. Kh3 Rd4 88. Kg2 Rd3 89. Ra6 Bg5 90. Re6+ Be3 91. Kh3 Rd5 92.
Kg2 Rf5 93. Ra6 Rf2+ 94. Kh3 Rf1 95. Kg2 Rf8 96. Ra2+ Kd3 97. Ra3+ Ke4 98. Ra4+
Bd4 99. Ra6 Bf6 100. Ra4+ Kf5 101. Rf4+ Kg5 102. Ra4 Be5 103. Ra5 Kf5 104. Ra6
Bf6 105. Ra5+ Kg6 106. Ra6 Rc8 107. Ra3 Rc4 108. Kh3 Rc2 109. Kg4 Rf2 110. Ra5
Rc2 111. Ra3 Rd2 112. Re3 Rd4+ 113. Kh3 Rc4 114. Kg2 Kf5 115. Rf3+ Kg5 116. Kh3
Re4 117. Rd3 Be5 118. Rb3 Re2 119. Ra3 Bd6 120. Rd3 Bc7 121. Rd5+ Be5 122. Rd3
h5 123. Ra3 h4 124. gxh4+ Kh5 125. Ra2 Re4 126. Re2 Rxh4+ 127. Kg2 Bd6 128. Re6
Rd4 129. Kf3 Kg5 130. Ke3 Rd1 131. Ke4 Bf4 132. Ra6 Re1+ 133. Kd3 Re8 134. Ra5+
Kg4 135. Kd4 Bc7 136. Ra6 Kf5 137. Rc6 Rd8+ 138. Kc4 Be5 139. Rh6 Ke4 140. Rh4+
Bf4 141. Rh5 Rd4+ 142. Kc5 Rd1 143. Kc6 Rd2 144. Rh1 Rc2+ 145. Kd7 Kf5 146. Rf1
Rc7+ 147. Kd8 Ra7 148. Rf2 Rf7 149. Ke8 Ke6 150. Re2+ Kf6 151. Rf2 Re7+ 152. Kd8
Re4 153. Kd7 Rc4 154. Rf1 Kf5 155. Rf2 Rc7+ 156. Kd8 Rh7 157. Rf1 Ke5 158. Rf2
Bg5+ 159. Kc8 Kd6 160. Ra2 Rc7+ 161. Kb8 Bf4 162. Ra6+ Kd5 163. Ka8 Rf7 164. Rb6
Bd6 165. Ra6 Bc5 166. Rh6 Bd6 167. Rh1 Kc6 168. Rc1+ Bc5 169. Kb8 Rf8# 0-1

[Event "24th ch-EUR Indiv 2024"]
[Site "Petrovac MNE"]
[Date "2024.11.12"]
[Round "5.93"]
[White "Olsen, Filip Boe"]
[Black "Lekic, Dusan"]
[Result "1/2-1/2"]
[WhiteTitle "IM"]
[BlackTitle "IM"]
[WhiteElo "2470"]
[BlackElo "2288"]
[WhiteFideId "1440640"]
[BlackFideId "905330"]
[EventDate "2024.11.08"]

1. d4 Nf6 2. c4 e6 3. g3 d5 4. Bg2 Be7 5. Nf3 O-O 6. O-O dxc4 7. Ne5 Nc6 8. Nxc6
bxc6 9. Na3 Bxa3 10. bxa3 Ba6 11. Bxc6 Rb8 12. Re1 Bb7 13. Bxb7 Rxb7 14. Bg5 h6
15. Bxf6 Qxf6 16. Rc1 Rd8 17. Rxc4 c5 18. Rxc5 Qxd4 19. Qxd4 Rxd4 20. Rec1 g5
21. R1c4 Rxc4 22. Rxc4 Rb2 23. Kf1 Kg7 24. g4 Rb6 25. Ra4 a6 26. Ra5 Kg6 27. Kg2
h5 28. gxh5+ Kxh5 29. Kg3 Rc6 30. h4 f5 31. hxg5 Kxg5 32. f4+ Kh5 33. Kf3 Rc3+
34. e3 Rc6 35. Ra4 Kg6 36. Ke2 Kf6 37. Ra5 Ke7 38. Kd3 Kd7 39. Kd4 Rd6+ 40. Kc4
Kc7 41. Rc5+ Kd7 42. a4 Rd2 43. Kc3 Rd1 44. Kb4 Rd2 45. Kc3 Rd1 46. Ra5 Rd6 47.
Re5 Kc6 48. Kc4 Kb6 49. Kb4 Kb7 50. a5 Kc6 51. Rc5+ Kd7 52. Kc3 Rd1 53. Rc4 Ra1
54. Rd4+ Kc6 55. Rb4 Rxa2 56. Rb6+ Kd5 57. Rxa6 Ra3+ 58. Kd2 Ra2+ 59. Kd3 Ra3+
60. Ke2 e5 61. Kf3 e4+ 62. Kf2 Ra2+ 63. Kg3 Re2 64. Rf6 Rxe3+ 65. Kh4 Re1 66.
Rxf5+ Kd4 67. a6 Ra1 68. Rf6 e3 69. Re6 Kd3 70. f5 e2 71. f6 Rxa6 72. Rxe2 Kxe2
73. Kg5 Rxf6 74. Kxf6 1/2-1/2

[Event "24th ch-EUR Indiv 2024"]
[Site "Petrovac MNE"]
[Date "2024.11.12"]
[Round "5.94"]
[White "Gharibyan, Mamikon"]
[Black "Dubnevych, Maksym"]
[Result "1-0"]
[WhiteTitle "GM"]
[BlackTitle "FM"]
[WhiteElo "2462"]
[BlackElo "2264"]
[WhiteFideId "13308300"]
[BlackFideId "14184001"]
[EventDate "2024.11.08"]

1. e4 e5 2. Nf3 Nc6 3. Bc4 Nf6 4. d3 Bc5 5. c3 d6 6. b4 Bb6 7. a4 a5 8. b5 Ne7
9. Nbd2 O-O 10. O-O Ng6 11. Re1 c6 12. bxc6 bxc6 13. Ba3 Qc7 14. Rb1 Ba7 15. d4
Rd8 16. Qc2 h6 17. h3 Nh5 18. Bf1 Nhf4 19. Nc4 exd4 20. cxd4 d5 21. Ne3 dxe4 22.
Qxe4 Be6 23. Rbc1 Nd5 24. Bb5 Qf4 25. Qxf4 Ndxf4 26. Bxc6 Rac8 27. Bb5 Rxc1 28.
Bxc1 Bd7 29. Bd2 Bxb5 30. axb5 Rb8 31. Rb1 a4 32. Rb4 a3 33. Ra4 Ne2+ 34. Kf1
Nxd4 35. Nxd4 Bxd4 36. Rxd4 Rxb5 37. Ra4 Rb3 38. Ke2 Ne5 39. Nc2 Rb2 40. Nxa3
Ra2 41. Re4 Nd7 42. Nc4 Nc5 43. Re5 Ne6 44. Ra5 Rxa5 45. Bxa5 Kh7 46. Ke3 h5 47.
Ke4 Nc5+ 48. Kf5 Nd3 49. Ne5 g6+ 50. Ke4 Nxf2+ 51. Kf3 Nxh3 52. gxh3 g5 53. Bd8
g4+ 54. Nxg4 hxg4+ 1-0

[Event "24th ch-EUR Indiv 2024"]
[Site "Petrovac MNE"]
[Date "2024.11.12"]
[Round "5.95"]
[White "Valiyev, Shahin"]
[Black "Willow, Jonah B"]
[Result "1/2-1/2"]
[WhiteTitle "FM"]
[BlackTitle "IM"]
[WhiteElo "2260"]
[BlackElo "2454"]
[WhiteFideId "13424203"]
[BlackFideId "438804"]
[EventDate "2024.11.08"]

1. e4 e6 2. d4 d5 3. Nc3 Bb4 4. e5 c5 5. a3 Bxc3+ 6. bxc3 Nc6 7. h4 Qa5 8. Bd2
Bd7 9. h5 O-O-O 10. a4 f6 11. f4 Nh6 12. Bd3 Rdf8 13. Nf3 fxe5 14. fxe5 Nf5 15.
Rh3 Qc7 16. g4 Nh6 17. g5 Nf5 18. Bxf5 Rxf5 19. Nh4 Rff8 20. Qg4 Qb6 21. Rd3 Qb2
22. Rc1 Qa2 23. g6 Qxa4 24. h6 Nxe5 25. Qg3 Nxd3+ 26. cxd3 gxh6 27. g7 Qc6 28.
Bxh6 Re8 29. Qe5 Rhg8 30. Bf4 Kd8 31. Nf3 h6 32. Bxh6 Qc7 33. Bg5+ Kc8 34. Bf6
cxd4 35. Qxc7+ Kxc7 36. cxd4+ Bc6 37. Ne5 a5 38. Kd2 a4 39. Ng4 Re7 40. Bxe7
Rxg7 41. Ne5 Rxe7 42. Nxc6 bxc6 43. Ra1 Rh7 44. Rxa4 Rh4 45. Ra7+ Kb6 46. Re7
Rxd4 47. Rxe6 Kc5 48. Rh6 Ra4 49. Kc3 Ra3+ 50. Kd2 Kb5 51. Rh8 d4 52. Rb8+ Kc5
53. Rd8 Ra2+ 54. Kc1 Rh2 55. Rd7 Rh4 56. Kc2 Rh6 57. Rd8 Rd6 58. Rh8 Rd7 59. Rb8
Kd5 60. Rh8 Re7 61. Rd8+ Kc5 62. Kd2 Re5 63. Rd7 Rd5 64. Rb7 Kd6 65. Rh7 Rg5 66.
Kc2 Rg2+ 67. Kb3 c5 68. Rh6+ Kd5 69. Rh5+ Kc6 70. Rh8 Rd2 71. Rh3 Kb5 72. Rg3
Re2 73. Rg8 Rd2 74. Rg3 Kc6 75. Rh3 Kd6 76. Rh6+ Ke5 77. Rh5+ Kf4 78. Rxc5 Ke3
79. Rh5 Rxd3+ 80. Kc2 Rc3+ 81. Kd1 Kd3 82. Rh8 Ke4 83. Re8+ 1/2-1/2

[Event "24th ch-EUR Indiv 2024"]
[Site "Petrovac MNE"]
[Date "2024.11.12"]
[Round "5.96"]
[White "Hulka, Valentyn"]
[Black "Schneider, Ilja"]
[Result "1-0"]
[WhiteTitle "FM"]
[BlackTitle "IM"]
[WhiteElo "2259"]
[BlackElo "2451"]
[WhiteFideId "34107061"]
[BlackFideId "4663306"]
[EventDate "2024.11.08"]

1. c4 Nf6 2. Nf3 e6 3. g3 d5 4. Bg2 d4 5. e3 Nc6 6. O-O e5 7. d3 dxe3 8. Bxe3
Ng4 9. Nc3 Be7 10. Bc1 Bf5 11. Nd5 O-O 12. d4 e4 13. Nd2 Nxd4 14. Nxe4 c5 15.
Bf4 Bxe4 16. Bxe4 Nf6 17. Nxf6+ Bxf6 18. Bxb7 Re8 19. Re1 Rxe1+ 20. Qxe1 g5 21.
Qe4 1-0

[Event "24th ch-EUR Indiv 2024"]
[Site "Petrovac MNE"]
[Date "2024.11.12"]
[Round "5.97"]
[White "Levin, Guy"]
[Black "Bodiroga, Predrag"]
[Result "1/2-1/2"]
[WhiteTitle "IM"]
[BlackTitle "IM"]
[WhiteElo "2445"]
[BlackElo "2260"]
[WhiteFideId "2824213"]
[BlackFideId "915700"]
[EventDate "2024.11.08"]

1. Nf3 c5 2. e4 d6 3. d4 cxd4 4. Nxd4 Nf6 5. Bb5+ Nbd7 6. O-O a6 7. Bd3 g6 8. c4
Nc5 9. Nc3 Nxd3 10. Qxd3 Bg7 11. f3 O-O 12. Be3 Nd7 13. Rfd1 Ne5 14. Qe2 Bd7 15.
Rac1 Rc8 16. b3 Nc6 17. Nxc6 Bxc6 18. Nd5 Bxd5 19. exd5 Re8 20. Qd2 e6 21. Bf2
Qf6 22. Re1 Qf5 23. dxe6 Rxe6 24. Rxe6 Qxe6 25. Re1 Qd7 26. Rd1 Rc6 27. a4 h5
28. c5 Bf8 29. b4 Rc8 30. cxd6 Qxd6 31. Qxd6 Bxd6 32. Rxd6 Rc1+ 33. Be1 Rxe1+
34. Kf2 Re7 35. h4 Kf8 36. Rd8+ Kg7 37. Rd6 Kf8 38. Kg3 Rc7 39. Rb6 Kg7 40. Kf4
Re7 41. a5 f6 42. Rd6 Kf7 43. Rb6 Kg7 44. Rd6 Kf7 45. g3 Kg7 46. Rb6 Kf7 47. Rd6
Kg7 48. Rb6 Kf7 49. g4 hxg4 50. Kxg4 Rd7 51. f4 Kg7 52. b5 axb5 53. Rxb5 Kh6 54.
h5 f5+ 55. Kh4 Rd4 56. hxg6 Rxf4+ 57. Kg3 Rg4+ 58. Kf3 Kxg6 59. Rxb7 Ra4 1/2-1/2

[Event "24th ch-EUR Indiv 2024"]
[Site "Petrovac MNE"]
[Date "2024.11.12"]
[Round "5.98"]
[White "Sapocinic, Semion"]
[Black "Gretarsson, Helgi Ass"]
[Result "0-1"]
[BlackTitle "GM"]
[WhiteElo "2247"]
[BlackElo "2441"]
[WhiteFideId "13908693"]
[BlackFideId "2300699"]
[EventDate "2024.11.08"]

1. c4 e5 2. Nc3 Nf6 3. Nf3 Nc6 4. e4 Bb4 5. d3 d6 6. a3 Bxc3+ 7. bxc3 h6 8. g3
O-O 9. Bg2 Nh7 10. Nh4 Qf6 11. Rb1 Rb8 12. Be3 b6 13. O-O Bd7 14. Qc2 g5 15. Nf5
Bxf5 16. exf5 Na5 17. f4 exf4 18. gxf4 g4 19. Be4 c5 20. h3 Qh4 21. Qg2 Qxh3 22.
Qxh3 gxh3 23. Kf2 Rfe8 24. Bf3 Re7 25. Rg1+ Kf8 26. f6 Nxf6 27. f5 Re5 28. Bf4
Rbe8 29. Bxe5 Rxe5 30. Rh1 Rxf5 31. Rxh3 Nc6 32. Ke3 Ne5 33. Be2 h5 34. Rf1
Nfg4+ 35. Kd2 Rg5 36. Rfh1 Nf6 37. Bxh5 Nxh5 38. Rxh5 Rg2+ 39. Ke3 Rg3+ 40. Kf4
Rxd3 41. R1h3 Rxh3 42. Rxh3 Ke7 43. Ke4 Ke6 44. Rh6+ f6 45. Rh8 f5+ 46. Ke3
Nxc4+ 47. Kf4 Nxa3 48. Re8+ Kd5 49. Kxf5 Nb5 50. Re3 a5 0-1

[Event "24th ch-EUR Indiv 2024"]
[Site "Petrovac MNE"]
[Date "2024.11.12"]
[Round "5.99"]
[White "Saraci, Nderim"]
[Black "Hamidov, Allahverdi"]
[Result "1-0"]
[WhiteTitle "IM"]
[BlackTitle "FM"]
[WhiteElo "2439"]
[BlackElo "2247"]
[WhiteFideId "6351921"]
[BlackFideId "13452029"]
[EventDate "2024.11.08"]

1. d4 d5 2. Nf3 Nf6 3. c4 e6 4. Nc3 Be7 5. g3 O-O 6. Bg2 c6 7. O-O b6 8. Ne5
Nfd7 9. cxd5 Nxe5 10. dxe5 exd5 11. Nxd5 Ba6 12. Nf4 Qc7 13. e6 f6 14. Qc2 Qe5
15. b3 Qxa1 16. Bb2 Qxa2 17. Ra1 Qxa1+ 18. Bxa1 f5 19. Nh5 1-0

[Event "24th ch-EUR Indiv 2024"]
[Site "Petrovac MNE"]
[Date "2024.11.12"]
[Round "5.100"]
[White "Pycinski, Wladyslaw"]
[Black "Sanikidze, Tornike"]
[Result "1/2-1/2"]
[BlackTitle "GM"]
[WhiteElo "2230"]
[BlackElo "2437"]
[WhiteFideId "21054509"]
[BlackFideId "13602608"]
[EventDate "2024.11.08"]

1. e4 c6 2. d4 d5 3. exd5 cxd5 4. Nf3 g6 5. Bd3 Bg7 6. c3 Nc6 7. O-O Bg4 8. Nbd2
Qc7 9. h3 Bxf3 10. Nxf3 e6 11. Re1 Nge7 12. Bd2 O-O 13. Qc1 a6 14. Bf4 Qd8 15.
Qe3 Rc8 16. Qe2 Nb8 17. h4 h5 18. Ng5 Nd7 19. Qe3 Nf5 20. Bxf5 exf5 21. Qe7 Bf6
22. Qxd8 Rfxd8 23. Nf3 Nb6 24. Bg5 Kg7 25. Bxf6+ Kxf6 26. Ne5 Re8 27. Nd3 Na4
28. f3 Re6 29. Kf2 a5 30. Rxe6+ fxe6 31. Re1 b5 32. a3 Rc6 33. Re2 Nb6 34. Kg3
Nd7 35. Kf4 Rc8 36. g4 hxg4 37. fxg4 Ke7 38. g5 Kd6 39. Kg3 Rc7 40. Nf4 Nf8 41.
Nd3 Nd7 42. Re1 Nf8 43. Re2 1/2-1/2

[Event "24th ch-EUR Indiv 2024"]
[Site "Petrovac MNE"]
[Date "2024.11.12"]
[Round "5.101"]
[White "Kawulok, Marek"]
[Black "Patrelakis, Evaggelos"]
[Result "0-1"]
[BlackTitle "IM"]
[WhiteElo "2219"]
[BlackElo "2437"]
[WhiteFideId "337005"]
[BlackFideId "4295102"]
[EventDate "2024.11.08"]

1. e4 e6 2. d4 d5 3. Bd3 dxe4 4. Bxe4 Nf6 5. Bf3 c5 6. Ne2 Nc6 7. Be3 cxd4 8.
Nxd4 Ne5 9. Nc3 Be7 10. Qe2 a6 11. O-O-O Qc7 12. g4 O-O 13. g5 Nfd7 14. h4 Nc4
15. Nc6 Nde5 16. Nxe7+ Qxe7 17. Ne4 Qb4 18. Bd4 Bd7 19. Bg2 Bb5 20. Qh5 Rac8 21.
f4 Nxb2 22. Bxb2 Nd3+ 23. Rxd3 Bxd3 24. Nf6+ gxf6 25. c3 Rxc3+ 26. Bxc3 Qxc3+
27. Kd1 Rc8 0-1